000 00394nam a22001577a 4500
020 _a8123910029
040 _cNUST
082 _a510.2462 SHA
100 _aSHARMA, G.S
_9114023
110 _aSARNA ,S.J.I
_9114024
245 _aEngineering Mathematics
250 _aNinth Edition
260 _aNew Dehli:
_bCBS Publisher & Distributors,
_c2003.
650 _aMathematics
942 _2ddc
_cBK
999 _c595424
_d595424